| 000 | 01792cam a22005054i 4500 | ||
|---|---|---|---|
| 003 | PE-LiUPU | ||
| 005 | 20250731165452.0 | ||
| 008 | 150623s r 000 0 d | ||
| 020 | _a0310486203 | ||
| 035 | _a(Sirsi) i9780310486206 | ||
| 040 |
_aPE-LiUPU _bspa _cPE-LiUPU _erda |
||
| 049 | _aPRUA | ||
| 082 | 0 | 4 |
_a225.077 _bNIV _221 |
| 100 | 1 |
_aBurge, Gary M., _eautor. |
|
| 245 | 1 | 4 |
_aThe letters of John. _n62 / _cGary M. Burge. |
| 264 | 1 |
_aMichigan : _bZondervan Publishing House, _c1996. |
|
| 300 |
_a264 páginas ; _c24 centímetros |
||
| 336 |
_atext _2rdacontent |
||
| 337 |
_aunmediated _2rdamedia |
||
| 338 |
_avolume _2rdacarrier |
||
| 490 | 0 | _aNIV Application Commentary Series | |
| 504 | _aIncluye bibliografía. | ||
| 505 | 0 | _aAuthor's Preface. - Abbreviations. - Introduction. - Select annotated bibliography. - Text and commentary on the letters of John. | |
| 526 | _aSEG44 | ||
| 526 | _aSEG26 | ||
| 526 | _aP151 | ||
| 526 | _aP150 | ||
| 526 | _aP149 | ||
| 526 | _aP146 | ||
| 526 | _aP145 | ||
| 526 | _aP126 | ||
| 526 | _aP125 | ||
| 526 | _aP92 | ||
| 526 | _aP75 | ||
| 526 | _aP74 | ||
| 526 | _aP27 | ||
| 526 | _aP15 | ||
| 630 |
_aBiblia. _pN.T. _pEpístolas de Juan _xComentarios. |
||
| 942 |
_2ddc _cBOOK |
||
| 949 |
_aRC 225.077 NIV 62 _wDEWEY _c1 _i44523 _lCCODEBUL1 _mBUL _r0 _sY _tBOOK _u2015-6-24 _xTEOLOGIA _PP35 _0COMPRA _o.CIRCNOTE. No olvidar cambiar la fecha de devolución!!!!!!! _o.STAFF. Colección General |
||
| 994 |
_aC0 _bPEPRU |
||
| 596 | _a1 | ||
| 999 |
_aRC 225.077 NIV 62 _wDEWEY _c21405 _i44523 _d21405 _f2021-11-8 _g6 _lCCODEBUL1 _mBUL _q1 _r1 _sY _tBOOK _u2015-6-24 _xTEOLOGIA _PP35 _0COMPRA _o.CIRCNOTE. No olvidar cambiar la fecha de devolución!!!!!!! _o.STAFF. Colección General |
||
| 980 |
_81 _gALBERTO SANCHEZ Responsable de Automatización |
||